Statistics for Killer Mike Discography

Click here to take the quiz!

General Stats

  • This quiz has been taken 6 times
  • The average score is 8 of 13

Answer Stats

YearNameType% Correct
2013Run the JewelsCollaborative Album
100%
2014Run the Jewels 2Collaborative Album
100%
2016Run the Jewels 3Collaborative Album
83%
2006The KillerMixtape
83%
2011Bang x3Mixtape
67%
2012R.A.P. MusicAlbum
67%
2006I Pledge Allegiance to the GrindAlbum
50%
2008I Pledge Allegiance to the Grind IIMixtape
50%
2003MonsterAlbum
50%
2011PL3DGEAlbum
50%
2009Underground AtlantaCompilation
50%
2009Anger & Ambition: The Best of Killer MikeMixtape
33%
2004Home Alone Wit' Dat CrackMixtape
33%

Score Distribution

Percentile by Number Answered

Percent of People with Each Score

Your Score History

You have not taken this quiz